000 002950000a22001330004500
003 MACL
040 _aMACL
090 _c32674
_d32672
100 _aCompetition Review
245 _aConstitution of India AT a Glance
260 _bCompetition Review
_c2002
650 _aLaw
942 _cBOOK
_k342/
999 _c32340
_d32340